| 000 | 00621 a2200205 4500 | ||
|---|---|---|---|
| 005 | 20260218115115.0 | ||
| 008 | 260218b |||||||| |||| 00| 0 eng d | ||
| 020 |
_a9789393219480 _cरु 500.00 |
||
| 040 | _aMAIN | ||
| 082 |
_a891.43301741 _bDP851S |
||
| 100 | _aदुबे, पुरषोतम | ||
| 110 | _a | ||
| 245 | _aसाल हा साल | ||
| 250 | _aLatest edition | ||
| 260 |
_bराइजिंग स्टार्स _c2025 _aदिल्ली |
||
| 300 | _a152 | ||
| 650 | _aहिन्दी साहित्य | ||
| 651 | _aहिन्दी कहानी | ||
| 942 | _cHN | ||
| 999 |
_c396519 _d396519 |
||